| 000 | 00621nam a2200193Ia 4500 | ||
|---|---|---|---|
| 008 | 151121s9999||||xx |||||||||||||| ||und|| | ||
| 082 | _a812/आयरे | ||
| 082 | _bHNW-15768 | ||
| 100 | _aआयरे ला। कृ। | ||
| 245 | _aनवलाची गोष्ट। | ||
| 260 | _b"वसुंधरा प्रकाशन, मुंबई।" | ||
| 260 | _c-- | ||
| 300 | _a92 | ||
| 600 | _aआयरे ला। कृ। | ||
| 630 | _aनवलाची गोष्ट। | ||
| 700 | _aआयरे ला। कृ। | ||
| 730 | _aनवलाची गोष्ट। | ||
| 942 | _cBOOK | ||
| 999 |
_c1218811 _d1218808 |
||